European cartoon characters [pic] - Statistics

General Stats
  • This quiz has been taken 25 times
  • The average score is 8 of 20
Answer Stats
Picture Answer % Correct
Asterix
78%
Obelix
74%
Papa Smurf
70%
Tintin
70%
Gargamel
61%
Smurfette
61%
Lucky Luke
57%
Snowy / Milou
57%
Captain Haddock
48%
Idefix
35%
Marsupilami
30%
Gaston
26%
Corto Maltese
17%
Dylan Dog
17%
Jolly Jumper
17%
Judge Dredd
17%
Spirou
17%
Yoko Tsuno
13%
Andy Capp
9%
Tex Willer
9%
No matching quizzes found
Score Distribution
Percent of People with Each Score
Percentile by Number Answered
Your Score History
You have not taken this quiz